000 00490nam a2200181Ia 4500
003 GCL
008 140319s9999 xx 000 0 ara d
040 _aGCL /
_cGCL
082 0 4 _aق
_b962
_bج م
100 1 _aجمال بدوى
245 1 0 _aمصر من نافذة التاريخ /
_cجمال بدوى
300 _a159 ص
490 _a
650 0 4 _aالعصر الحديث
650 0 4 _aمصر - تاريخ
650 0 4 _aمصر - الاحوال السياسية
942 _2ddc
_cBK
999 _c38659
_d38659